[Event "TUR-chT 2nd League"]
[Site "Konya"]
[Date "2019.07.22"]
[Round "1.7"]
[White "Aydin, Ersin"]
[Black "Doner, Mustafa"]
[Result "0-1"]
[WhiteElo "1908"]
[BlackElo "1843"]
[PlyCount "67"]
[EventDate "2019.07.22"]
[EventType "team-swiss"]
[EventRounds "9"]
[EventCountry "TUR"]
[SourceTitle "CBM 191 Extra"]
[Source "ChessBase"]
[SourceDate "2019.09.30"]
[SourceVersion "1"]
[SourceVersionDate "2019.09.30"]
[SourceQuality "1"]
[WhiteTeam "Mercan Egitim"]
[BlackTeam "Gaziantep Sader"]
[WhiteTeamCountry "TUR"]
[BlackTeamCountry "TUR"]

1. d4 c5 2. d5 Nf6 3. c4 e6 4. Nc3 exd5 5. cxd5 d6 6. e4 g6 7. h3 Bg7 8. Nf3 0-0 9. Bd3 a6 10. a4 Nbd7 11. 0-0 Nh5 12. Bg5 Bf6 13. Be3 Rb8 14. Nd2 Re8 15. Be2 Ng7 16. Nc4 Ne5 17. Na3 g5 18. Qd2 Qe7 19. Rae1 Bd7 20. f4 gxf4 21. Bxf4 Kh8 22. Kh1 Rg8 23. b3 Ng6 24. Bh2 Ne8 25. Bf3 b5 26. axb5 axb5 27. Nc2 Bh4 28. Ra1 b4 29. Ne2 Bb5 30. Ne3 f5 31. g3 Bg5 32. h4 Bh6 33. h5 Ne5 34. Rfe1 0-1

[Event "TUR Cup										"]
[Site "Antalya"]
[Date "2018.01.28"]
[Round "3"]
[White "Agdelen, Huseyin Can"]
[Black "Aydin, Ersin"]
[Result "1-0"]
[WhiteElo "2302"]
[BlackElo "1962"]
[PlyCount "89"]
[EventDate "2018.01.27"]
[EventType "swiss"]
[EventRounds "11"]
[EventCountry "TUR"]
[SourceTitle "CBM 182 Extra"]
[Source "ChessBase"]
[SourceDate "2018.02.23"]
[SourceVersion "1"]
[SourceVersionDate "2018.02.23"]
[SourceQuality "1"]

1. e4 c5 2. Nf3 d6 3. d4 cxd4 4. Nxd4 Nf6 5. Nc3 a6 6. Bg5 e6 7. f4 Be7 8. Qf3 Qc7 9. 0-0-0 h6 10. Bh4 Nbd7 11. Qg3 Rg8 12. Bxf6 Bxf6 13. Be2 Nb6 14. f5 e5 15. Nb3 Bd7 16. Qd3 Be7 17. Nd2 Rc8 18. Nf1 Bc6 19. Bf3 Na4 20. Nxa4 Bxa4 21. b3 Bb5 22. c4 Bc6 23. Kb1 b5 24. Ne3 Bg5 25. Be2 Qb7 26. Nd5 bxc4 27. Qxc4 Bxd5 28. Qxd5 Qxd5 29. Rxd5 Rc6 30. Ra5 Ke7 31. Rxa6 Rxa6 32. Bxa6 g6 33. fxg6 fxg6 34. Rf1 Be3 35. Bc4 Rf8 36. Rxf8 Kxf8 37. b4 Ke7 38. Kc2 Kd7 39. Bd5 Kc7 40. a4 g5 41. a5 h5 42. b5 h4 43. b6+ Kb8 44. Kb3 g4 45. h3 1-0

[Event "Malatya Golden Apricot op 4th"]
[Site "Malatya"]
[Date "2016.08.26"]
[Round "9"]
[White "Ozer, Omer Faruk"]
[Black "Aydin, Ersin"]
[Result "1-0"]
[WhiteElo "2360"]
[BlackElo "1948"]
[PlyCount "127"]
[EventDate "2016.08.21"]
[EventType "swiss"]
[EventRounds "9"]
[EventCountry "TUR"]
[SourceTitle "CBM 174 Extra"]
[Source "ChessBase"]
[SourceDate "2016.10.10"]
[SourceVersion "1"]
[SourceVersionDate "2016.10.10"]
[SourceQuality "1"]

1. e4 d6 2. d4 Nf6 3. Nc3 g6 4. Bg5 Bg7 5. Qd2 h6 6. Bf4 g5 7. Be3 Ng4 8. h4 Nxe3 9. Qxe3 g4 10. 0-0-0 Nc6 11. Bb5 a6 12. Bxc6+ bxc6 13. Nge2 e6 14. Kb1 Qe7 15. e5 Bb7 16. Ng3 h5 17. Rhe1 0-0-0 18. exd6 cxd6 19. Nf5 Qf8 20. Nxg7 Qxg7 21. Ne4 f6 22. Qf4 Qe7 23. Qxf6 Qxf6 24. Nxf6 Rdf8 25. Ne4 Kd7 26. Rd2 Rf4 27. g3 Rf5 28. c4 c5 29. dxc5 Bxe4+ 30. Rxe4 Rxc5 31. Red4 Rc6 32. Rf4 Ke7 33. b3 Rh6 34. Kb2 Rf6 35. Rxf6 Kxf6 36. Kc3 Kf5 37. Rd4 Ke5 38. Rf4 d5 39. b4 dxc4 40. Rxc4 Rd6 41. Rf4 Rd1 42. a4 Kd5 43. Rf8 Ra1 44. Rh8 Ra3+ 45. Kd2 Rxa4 46. Rxh5+ e5 47. Rh6 Rxb4 48. Rxa6 Ke4 49. Rf6 Rb2+ 50. Ke1 Ra2 51. Kf1 Kd3 52. h5 Ke4 53. h6 Ra7 54. Kg2 Rh7 55. Kf1 Rb7 56. Ke2 Rh7 57. Kd2 Rc7 58. Kd1 Rh7 59. Kc2 Rc7+ 60. Kb3 Kd3 61. Kb4 e4 62. Re6 Rh7 63. Kc5 Rd7 64. Rd6+ 1-0

[Event "Manavgat Turkey Cup"]
[Site "Manavgat"]
[Date "2016.02.04"]
[Round "9"]
[White "Akdogan, Alperen"]
[Black "Aydin, Ersin"]
[Result "1-0"]
[WhiteElo "2114"]
[BlackElo "1943"]
[PlyCount "99"]
[EventDate "2016.01.30"]
[EventType "swiss"]
[EventRounds "11"]
[EventCountry "TUR"]
[SourceTitle "CBM 170 Extra"]
[Source "ChessBase"]
[SourceDate "2016.02.25"]
[SourceVersion "1"]
[SourceVersionDate "2016.02.25"]
[SourceQuality "1"]

1. d4 Nf6 2. Nf3 g6 3. Nbd2 Bg7 4. e4 d6 5. Bd3 0-0 6. 0-0 Nc6 7. c3 e5 8. Re1 Nh5 9. Nb3 h6 10. a4 a5 11. Bb5 Qf6 12. Bxc6 bxc6 13. dxe5 dxe5 14. Nc5 Rd8 15. Qe2 Rb8 16. Rb1 Bf8 17. Nd3 Ba6 18. Rd1 Rxd3 19. Rxd3 Rd8 20. Ne1 Bxd3 21. Nxd3 Qd6 22. g4 Qxd3 23. Qxd3 Rxd3 24. gxh5 Rd1+ 25. Kg2 Be7 26. b4 axb4 27. cxb4 Bxb4 28. Rxb4 Rxc1 29. hxg6 fxg6 30. Rb8+ Kg7 31. Rb7 Rc4 32. Rxc7+ Kf6 33. a5 Rxe4 34. Rxc6+ Kg5 35. Ra6 Ra4 36. Ra8 Ra3 37. a6 h5 38. Ra7 h4 39. h3 Ra1 40. Ra8 Ra3 41. a7 Ra1 42. Kf3 Ra4 43. Ke3 Ra3+ 44. Ke4 Ra4+ 45. Kxe5 Ra5+ 46. Ke4 Ra4+ 47. Kf3 Ra3+ 48. Kg2 Ra2 49. Kg1 Ra1+ 50. Kh2 1-0